Posudzovanie zhody vybraných určených výrobkov a ich uvádzanie na trh, rapex : hračky bakalárska práca

Guardado en:
Detalles Bibliográficos
Autor principal: Janečková, Lucia
Autor Corporativo: Obchodná fakulta EU. Katedra medzinárodného obchodu
Otros Autores: Košútová, Tatiana, 1962-
Formato: Libro
Lenguaje:eslovaco
Publicado: Bratislava 2009
Etiquetas: Agregar Etiqueta
Sin Etiquetas, Sea el primero en etiquetar este registro!

MARC

LEADER 00000nam$a2200000$$$4500
001 0103437
005 20240318133815.0
041 0 |a slo 
044 |a SK 
245 1 0 |a Posudzovanie zhody vybraných určených výrobkov a ich uvádzanie na trh, rapex : hračky  |b bakalárska práca  |c Lucia Janečková ; škol. Tatiana Košútová 
264 1 |a Bratislava  |c 2009 
300 |a 45 s. 
100 1 |a Janečková, Lucia 
700 1 |a Košútová, Tatiana, 1962- 
710 2 |a Obchodná fakulta EU. Katedra medzinárodného obchodu